000
00226 a2200097 4500
001
51086
100
_a
Lobanoff V S
245
_a
Centrifugal Pumps Design & Applications
260
_a
Houston
_b
Gulf
_c
090
_c
32347
_d
32347
942
_a
NUST-CAE
_c
M
_c
24833
999
_c
286159
_d
286159